Medizin-Quiz 5 - Statistiken

Allgemein
  • Dieses Quiz wurde 762 mal gespielt
  • Das Durchschnittsergebnis liegt bei 10 aus 15
Antwortstatistiken
Beschreibung Begriff % Korrekt
Hautrötungen, wenn bestimmte Körperstellen zu lange dem Sonnenlicht ausgesetzt sind Sonnenbrand
92%
Durchblutungsstörung des Gehirns, plötzlich auftretende, halbseitige Lähmung des Gesichts, Seh- und Sprachstörungen Schlaganfall
91%
bildgebendes Verfahren, mit dem Knochenbrüche festgestellt werden Röntgen
88%
Entfernung eines Körperteils Amputation
84%
Atemmuskel, der die Grenze zwischen Brust- und Bauchraum bildet Zwerchfell
83%
Teilgebiet der Medizin, das sich mit Erkrankungen der Harnwege auseinandersetzt Urologie
82%
Röhrenknochen des Unterschenkels, äußerst schmerzhaft, wenn man sich an diesem stößt Schienbein
77%
Geschlechtshormon, das das Muskelwachstum erheblich fördert Testosteron
75%
entsteht nach einem Schlag gegen den Kopf, Symptome: Erinnerungslücken, Benommenheit Gehirnerschütterung
73%
Fachbegriff für Bluthochdruck Hypertonie
70%
andere Bezeichnung für Grippe Influenza
66%
umgangssprachlicher Begriff für die virale Entzündung der Nasenschleimhaut, Symptome: Atembeschwerden aufgrund Verstopfung der Nase, "Rinnen der Nase" Schnupfen
54%
Bezeichnung für eine neurochirurgische Operation, die vor allem im 20. Jahrhundert bei schweren Psychosen zur Anwendung kam Lobotomie
33%
weitere Bezeichnung für Plantarwarzen, die primär an den Fußsohlen entstehen und sich tief in das Gewebe hineinbohren; Behandlung erfolgt z.B. mittels Vereisung oder Säure-Lösung Dornwarzen
18%
beschreibt die Farbgebung der Hautpartien Pigmentierung
12%
Keine übereinstimmenden Quizze gefunden
Verteilung der Resultate
Anzahl Personen mit jedem Resultat
Perzentil nach korrekt beantworteten Fragen
Ihre Resultats-Entwicklung
Sie haben dieses Quiz noch nicht gespielt